Numerical solution of ordinary differential equations /

Guardado en:
Autor Principal: Lapidus, Leon.
Otros Autores: Seinfeld, John H.
Formato: Libro
Idioma:English
Publicado: New York : Academic Press, 1971.
Series:Mathematics in science and engineering ; v. 74
Materias:
Etiquetas: Agregar Etiqueta
Sin Etiquetas, Sea el primero en etiquetar este registro!
LEADER 00793cam a22002175a 4500
001 EIQ.libpla000195
008 710222s1971####nyu######b####001#0#eng#d
005 20060510150824.0
245 1 0 |a Numerical solution of ordinary differential equations /  |c Leon Lapidus and John H. Seinfeld. 
260 |a New York :  |b Academic Press,  |c 1971. 
300 |a xii, 299 p. ;  |c 24 cm. 
440 0 |a Mathematics in science and engineering ;  |v v. 74 
504 |a Incluye referencias bibliográficas. 
100 1 |a Lapidus, Leon. 
700 1 |a Seinfeld, John H. 
082 0 0 |a 515/.352 
650 4 |a Ecuaciones de diferencias  |x Soluciones numéricas. 
650 4 |a Differential equations  |x Numerical solutions. 
010 |a  73127689  
040 |a DLC  |c DLC  |d AR-BbSID 
859 |a AR-BbSID  |b BIB. PLAPIQUI  |h 515.35  |i L 314  |p 1655